000 00613nam a2200229Ia 4500
003 OSt
005 20221007073117.0
006 a|||||r|||| 00| 0
007 ta
008 221006b |||||||| |||| 00| 0 eng d
024 _a10,322
037 _cReference Collections
040 _aFLL
_cFLL
_beng
041 _2eng
_aeng
082 _aZ:91, K42
100 _aFuller Lon L.
_9336777
245 0 _aMorality of law
260 _aLondon
_bYale University Press London
_c1964
300 _a202p
_ccm.
942 _hZ:91, K42
_cREF
_2CC
999 _c1147711
_d1147711